Football by Letter - N - Statistics

General Stats
  • This quiz has been taken 55 times
    41 since last reset
  • The average score is 13 of 18
Answer Stats
Hint Answer % Correct
Country that has won the AFCON Cup three times Nigeria
95%
Country that reached the World Cup final three times but lost all of them Netherlands
92%
They have won Serie A four times. SSC Napoli
92%
The goalkeeper with the most clean sheets in Bundesliga history Manuel Neuer
89%
Most expensive transfer in history Neymar
89%
Country that has qualified for the 2026 World Cup for the first time since 1998 Norway
89%
English team that played in two UEFA Cup finals and won both Nottingham Forest
89%
Right-back who has only played for Man Utd in his career Gary Neville
79%
FC Sevilla's record player Jesus Navas
79%
Goalkeeper who won three consecutive Champions League titles with Real Madrid Keylor Navas
79%
Six-time Champions League winner with Real Madrid and captain in the 2023/24 final Nacho Fernandez
76%
Ballon d'OR Winner 2003 Pavel Nedved
76%
Most expensive Uruguayan transfer in history Darwin Nunez
71%
Nickname of Inter Milan Nerazurri
53%
Known for his backflips as a goal celebration Nani
37%
Liverpool's youngest goalscorer in history Rio Ngumoha
37%
Scored the 4-4 in Schalke's iconic comeback against Dortmund in the Bundesliga Naldo
32%
Bundesliga top scorer 2022/23 Christopher Nkunku
26%
No matching quizzes found
Score Distribution
Percent of People with Each Score
Percentile by Number Answered
Your Score History
You have not taken this quiz since the last reset